000 01171nas a2200397 4500
001 BR2011004012
003 BR-BrBNA
005 20231205115447.0
007 ta
008 230509b bl.|||p| |||| 00| 00por d
040 _aBR-BrBNA
_bpor
_cBiblioteca Nacional de Agricultura
041 _a(Pt)
072 _aF04
100 1 _aAlmeida Júnior, A.B. de
100 1 _aOliveira, F. de A.
100 1 _aMedeiros, J.F. de
100 1 _aOliveira, M.K.T. de
100 1 _aLinhares, P.C.F.L.
245 1 _aEfeito de doses de fósforo no desenvolvimento inicial da mamoneira
246 1 _aEffects of phosphorus doses in initial development of the castor bean
650 _aMAMONA
650 _aRICINUS COMMUNIS
650 _aFÓSFORO
650 _aFERTILIZANTE FOSFATADO
650 _aNUTRIÇÃO VEGETAL
650 _aCRESCIMENTO
650 _aALTURA
650 _aÁREA FOLIAR
650 _aDIÂMETRO
650 _aCAULE
650 _aMATERIA SECA
650 _a
773 0 _tRevista Caatinga (Brazil)
_xISSN 0100-316X
_g(Jan-Mar 2009), v. 22(1) p. 217-221
_wBR2011004012
909 _a202311
_bLúcia
_c55
_dLúcia Elande
942 _2AGRIS
_n0
_cANA
999 _c213924
_d213924